Finite mathematics and calculus with applications
Αποθηκεύτηκε σε:
| Κύριος συγγραφέας: | |
|---|---|
| Μορφή: | Βιβλίο |
| Γλώσσα: | English |
| Δημοσίευση: |
NewYork :
IEP,
c1976.
|
| Σειρά: | The IEP series in mathematics
|
| Θέματα: | |
| Ετικέτες: |
Προσθήκη ετικέτας
Δεν υπάρχουν, Καταχωρήστε ετικέτα πρώτοι!
|
MARC
| LEADER | 00000nam a2200000 a 4500 | ||
|---|---|---|---|
| 001 | 1/126191 | ||
| 008 | 230213t1976 nyu| ||| |||| ||eng|| | ||
| 020 | |a 0700224866 | ||
| 040 | |a GR-MyUa |b gre |c GR-MyUa |e AACR2 | ||
| 041 | 0 | |a eng | |
| 082 | 7 | |a 510 |2 (23) | |
| 100 | 1 | |a Stratopoulos, G. |q (George) | |
| 245 | 1 | 0 | |a Finite mathematics and calculus with applications / |c G.M. Stratopoulos. |
| 260 | |a NewYork : |b IEP, |c c1976. | ||
| 300 | |a x, 470 σ. : |b εικ. ; |c 24 εκ. | ||
| 490 | 1 | |a (The IEP series in mathematics) | |
| 504 | |a Περιέχει βιβλιογραφικές αναφορές και ευρετήριο. | ||
| 650 | 0 | |a Mathematics. | |
| 830 | 0 | |a The IEP series in mathematics | |
| 852 | |a INST |b SAMOS |e 20230223 |h 510 STR |p 005300048126 |q 005300048126 |t BK |y 0 | ||
| 970 | |a Γουβάλα |b Βάσω |z 23-02-2023 | ||